期刊信息 |
| 索取号 |
C55/GXLL
|
| 题名 |
高校理论战线
|
| 作者 |
高校理论战线编辑部
|
| 分册号 |
|
| 分册名 |
|
| 出版地 |
北京
|
| 出版者 |
高校理论战线杂志社
|
| 标准刊号 |
1002-4409
|
| 出版频率 |
月刊
|
| 中图法分类 |
G64
|
| 主题词 |
社会科学 连续出版物; 社会科学 期刊
|
| 电子资源 | |
| |
|
| 000 | 01532nas002200433 45 | |
| 001 | 1196061152 | |
| 005 | 20070417171734.09 | |
| 011 | @a1002-4409@dCNY6.00 | |
| 091 | @aCN@b11-2814 | |
| 092 | @aCN@b82-419 | |
| 100 | @a19930618a19919999m ye0chiy0121 eb | |
| 101 | 0 | @achi@eeng |
| 102 | @aCN@b110000 | |
| 110 | @aagaz 0yu0 | |
| 200 | 1 | @a高校理论战线@AGAO XIAO LI LUN ZHAN XIAN@dUniversity theory battlefront@f高校理论战线编辑部@FGao Xiao Li Lun Zhan Xian Bian Ji Bu@zeng |
| 207 | 0 | @a1991,no.1(1991,1,20)~2013, |
| 210 | @a北京@b北京市西单大木仓胡同35号(邮码100816)@c高校理论战线杂志社@d1991~2013 | |
| 215 | @d26cm | |
| 300 | @a李琦题写刊名 | |
| 305 | @a原《高校社会科学》更名为《高校理论战线》,2013年又更名为《中国高校社会科学》 | |
| 326 | @a月刊@b~2013.3 | |
| 326 | @a双月刊@b1991~ | |
| 330 | @a该刊是国家教委主办的综合性哲学社会科学理论刊物。 | |
| 432 | 1 | @12001 @a高校社会科学 |
| 442 | @12001 @a中国高校社会科学 | |
| 510 | 1 | @aUniversity theory battlefront@zeng |
| 540 | 1 | @a高校 理论 战线@AGAO XIAO LI LUN ZHAN XIAN |
| 606 | 0 | @a社会科学@x连续出版物 |
| 606 | 0 | @a社会科学@x期刊 |
| 676 | @a300@v19 | |
| 676 | @a378@v19 | |
| 690 | @aG64@v3 | |
| 690 | @aC@v3 | |
| 690 | @aC55@v4 | |
| 701 | 0 | @a罗国杰@ALUO GUO JIE@4总编辑 |
| 711 | 02 | @a中华人民共和国国家教育委员会@AZHONG HUA REN MIN GONG HE GUO GUO JIA JIAO YU WEI YUAN HUI@4主办 |
| 711 | 0 | @a高校理论战线编辑部@AGao Xiao Li Lun Zhan Xian Bian Ji Bu |
| 801 | 0 | @aCN@bPFT@c20070417 |
| 905 | @a1@cQ@dC55@eGXLL@y~2013.3 | |
| 高校理论战线=University theory battlefront/高校理论战线编辑部.-1991,no.1(1991,1,20)~2013,.-北京(北京市西单大木仓胡同35号(邮码100816)):高校理论战线杂志社,1991~2013 |
| 26cm |
| 李琦题写刊名.-替代: |
| ISSN 1002-4409:CNY6.00 |
| 该刊是国家教委主办的综合性哲学社会科学理论刊物。 |
| ● |
| 相关链接: |
|
|
|
|